[Event "CSR-ch"]
[Site "Luhacovice CZE"]
[Date "1973.??.??"]
[Round "14"]
[White "Adorjan, Andras"]
[Black "Mukhin, Mikhail"]
[Result "1-0"]
[WhiteElo "2475"]
[BlackElo "2420"]
[PlyCount "49"]
[EventDate "1973.??.??"]
[SourceDate "2003.12.01"]
[WhiteTeamCountry "URS"]
[BlackTeamCountry "HUN"]

1. e4 e5 2. Nf3 Nc6 3. Bb5 a6 4. Bxc6 dxc6 5. O-O f6 6. d4 Bg4 7. dxe5 Qxd1 8.
Rxd1 fxe5 9. Rd3 Bd6 10. Nbd2 Nf6 11. Nc4 Bxf3 12. gxf3 O-O-O 13. Bg5 b5 14.
Na5 c5 15. c4 Rdf8 16. cxb5 axb5 17. a4 bxa4 18. Nc4 Ne8 19. Rxa4 Kb7 20. f4 h6
21. fxe5 hxg5 22. exd6 cxd6 23. Rb3+ Kc8 24. Ra7 d5 25. exd5 1-0

[Event "CSR-ch int"]
[Site "Luhacovice"]
[Date "1973.05.08"]
[Round "1"]
[White "Adorjan, Andras"]
[Black "Minev, Nikolay"]
[Result "1-0"]
[WhiteElo "2475"]
[BlackElo "2430"]
[PlyCount "145"]
[EventDate "1973.??.??"]
[EventType "tourn"]
[EventRounds "15"]
[EventCountry "CZE"]
[EventCategory "9"]
[Source "ChessBase"]
[SourceDate "1999.07.01"]
[WhiteTeamCountry "URS"]
[BlackTeamCountry "HUN"]

1. e4 c6 2. d4 d5 3. Nc3 dxe4 4. Nxe4 Nd7 5. Nf3 Ngf6 6. Ng3 e6 7. Bd3 c5 8.
O-O Be7 9. b3 O-O 10. c4 cxd4 11. Nxd4 Ne5 12. Bc2 Bd7 13. Bb2 Qc7 14. Re1 Ng6
15. Nh5 Rad8 16. Qf3 Nxh5 17. Qxh5 Qc5 18. Qxc5 Bxc5 19. Rad1 Rfe8 20. Be4 Bc8
21. Bc3 f5 22. Bc2 b6 23. Nb5 Rxd1 24. Rxd1 Nf4 25. Be5 Ng6 26. Bd6 Bxd6 27.
Rxd6 Bb7 28. f3 Nf8 29. a4 Ra8 30. Nc7 Rb8 31. Nxe6 Nxe6 32. Rxe6 Kf7 33. Rd6
Ke7 34. Rd4 g6 35. Kf2 a5 36. Ke3 Ke6 37. Kd2 g5 38. Kc3 h5 39. h4 g4 40. Rf4
Rf8 41. Kd4 g3 42. Ke3 Ke5 43. Be4 Bc8 44. Bd5 Bd7 45. Rd4 f4+ 46. Kd3 Bf5+ 47.
Kc3 Rd8 48. Rd2 Rd7 49. Re2+ Kf6 50. Kd4 Rd8 51. Re1 Rc8 52. Kc3 Rc7 53. Kd4
Rc8 54. Re2 Rd8 55. c5 bxc5+ 56. Kxc5 Bd3 57. Ra2 Ke5 58. Bc6 Bf1 59. Bb5 Rd1
60. Kb6 Kd4 61. Kxa5 Kc3 62. Bxf1 Rxf1 63. b4 Rf2 64. Ra1 Rxg2 65. b5 Kd3 66.
Rb1 Re2 67. b6 Re8 68. b7 Ke2 69. Kb6 g2 70. a5 Kf2 71. Kc7 Re7+ 72. Kc6 Re8
73. a6 1-0

[Event "CSR-ch int"]
[Site "Luhacovice"]
[Date "1973.05.09"]
[Round "2"]
[White "Adorjan, Andras"]
[Black "Estevez Morales, Guillermo"]
[Result "1-0"]
[WhiteElo "2475"]
[BlackElo "2395"]
[PlyCount "53"]
[EventDate "1973.??.??"]
[EventType "tourn"]
[EventRounds "15"]
[EventCountry "CZE"]
[EventCategory "9"]
[Source "ChessBase"]
[SourceDate "1999.07.01"]
[WhiteTeamCountry "URS"]
[BlackTeamCountry "HUN"]

1. e4 c5 2. Nf3 d6 3. d4 cxd4 4. Qxd4 Nc6 5. Bb5 Bd7 6. Bxc6 Bxc6 7. Nc3 Nf6 8.
Bg5 e6 9. O-O-O Be7 10. Rhe1 O-O 11. e5 dxe5 12. Qh4 Qc7 13. Nxe5 Rac8 14. Ng4
Nd5 15. Rxd5 f6 16. Nxf6+ Bxf6 17. Bxf6 Bxd5 18. Be5 Qf7 19. Qg3 Qd7 20. Rd1
Rf7 21. f4 b5 22. Qd3 Qc6 23. Qxb5 Bxg2 24. a4 Bf3 25. Rd6 Qxb5 26. Nxb5 Be4
27. c3 1-0

[Event "CSR-ch int"]
[Site "Luhacovice"]
[Date "1973.05.10"]
[Round "3"]
[White "Lechtynsky, Jiri"]
[Black "Adorjan, Andras"]
[Result "1/2-1/2"]
[WhiteElo "2370"]
[BlackElo "2475"]
[PlyCount "91"]
[EventDate "1973.??.??"]
[EventType "tourn"]
[EventRounds "15"]
[EventCountry "CZE"]
[EventCategory "9"]
[Source "ChessBase"]
[SourceDate "1999.07.01"]
[WhiteTeamCountry "URS"]
[BlackTeamCountry "HUN"]

1. e4 c5 2. Nf3 Nc6 3. d4 cxd4 4. Nxd4 g6 5. Nc3 Bg7 6. Be3 Nf6 7. Bc4 O-O 8.
Bb3 d6 9. f3 Bd7 10. Qd2 Nxd4 11. Bxd4 b5 12. a4 b4 13. Ne2 e5 14. Be3 Be6 15.
O-O-O Bxb3 16. cxb3 Qc8+ 17. Kb1 Qe6 18. Nc1 Rfd8 19. Bg5 a5 20. h4 h5 21. Bxf6
Qxf6 22. Qe2 d5 23. Rxd5 Rxd5 24. exd5 Rd8 25. Qe4 Qf5 26. Qxf5 gxf5 27. Re1 f4
28. Ne2 Bf6 29. g3 fxg3 30. Nxg3 Bxh4 31. Nxh5 Rd6 32. Rh1 Bf2 33. Rh2 Bd4 34.
Rd2 Kf8 35. Ng3 Rxd5 36. f4 Ke7 37. fxe5 Ke6 38. Ne4 Kxe5 39. Ng5 f6 40. Re2+
Be3 41. Nh7 Kf4 42. Nxf6 Rd6 43. Ng4 Bd4 44. Nh2 Rg6 45. Kc2 Rg1 46. Kd3
1/2-1/2

[Event "CSR-ch int"]
[Site "Luhacovice"]
[Date "1973.05.11"]
[Round "4"]
[White "Adorjan, Andras"]
[Black "Smejkal, Jan"]
[Result "1/2-1/2"]
[WhiteElo "2475"]
[BlackElo "2545"]
[PlyCount "35"]
[EventDate "1973.??.??"]
[EventType "tourn"]
[EventRounds "15"]
[EventCountry "CZE"]
[EventCategory "9"]
[Source "ChessBase"]
[SourceDate "1999.07.01"]
[WhiteTeamCountry "URS"]
[BlackTeamCountry "HUN"]

1. e4 c5 2. Nf3 d6 3. d4 cxd4 4. Nxd4 Nf6 5. Nc3 a6 6. Bc4 e6 7. Bb3 b5 8. O-O
Be7 9. f4 O-O 10. e5 dxe5 11. fxe5 Nfd7 12. Qh5 Nc5 13. Nf3 Bb7 14. Qg4 Kh8 15.
Ng5 Qe8 16. Qh3 Bxg5 17. Bxg5 Nbd7 18. Rad1 1/2-1/2

[Event "CSR-ch int"]
[Site "Luhacovice"]
[Date "1973.05.13"]
[Round "5"]
[White "Knezevic, Milorad J"]
[Black "Adorjan, Andras"]
[Result "1/2-1/2"]
[WhiteElo "2410"]
[BlackElo "2475"]
[PlyCount "39"]
[EventDate "1973.??.??"]
[EventType "tourn"]
[EventRounds "15"]
[EventCountry "CZE"]
[EventCategory "9"]
[Source "ChessBase"]
[SourceDate "1999.07.01"]
[WhiteTeamCountry "URS"]
[BlackTeamCountry "HUN"]

1. e4 g6 2. d4 Bg7 3. g3 c5 4. dxc5 Qa5+ 5. c3 Qxc5 6. Be3 Qc7 7. Bg2 Nf6 8.
Ne2 O-O 9. O-O d6 10. h3 Rd8 11. f4 b6 12. c4 Bb7 13. Nd2 e6 14. Rc1 Nc6 15. a3
Rac8 16. b4 Qb8 17. Qb3 Qa8 18. Qb1 Ne7 19. Bf3 h5 20. Nd4 1/2-1/2

[Event "CSR-ch int"]
[Site "Luhacovice"]
[Date "1973.05.14"]
[Round "6"]
[White "Adorjan, Andras"]
[Black "Pribyl, Josef"]
[Result "1-0"]
[WhiteElo "2475"]
[BlackElo "2450"]
[PlyCount "81"]
[EventDate "1973.??.??"]
[EventType "tourn"]
[EventRounds "15"]
[EventCountry "CZE"]
[EventCategory "9"]
[Source "ChessBase"]
[SourceDate "1999.07.01"]
[WhiteTeamCountry "URS"]
[BlackTeamCountry "HUN"]

1. e4 Nf6 2. e5 Nd5 3. d4 d6 4. Nf3 Bg4 5. Be2 e6 6. O-O Be7 7. c4 Nb6 8. h3
Bh5 9. Nc3 O-O 10. Be3 d5 11. c5 Bxf3 12. Bxf3 Nc4 13. Bf4 b6 14. b3 Na5 15.
Rc1 bxc5 16. dxc5 Nd7 17. b4 Nc6 18. Nxd5 exd5 19. Bxd5 Ndxe5 20. b5 Ng6 21.
Bg3 Nb4 22. Bxa8 Qxa8 23. Rc4 Nd5 24. Qf3 Bf6 25. Rd1 Nge7 26. c6 Nb6 27. Rg4
Ng6 28. Bxc7 Be5 29. Rxg6 Bxc7 30. Rg4 a6 31. Qf6 g6 32. Qe7 Qa7 33. Qa3 Ra8
34. Re4 axb5 35. Re8+ Kg7 36. Qf8+ Kf6 37. Qe7+ Kg7 38. Qf8+ Kf6 39. Qh8+ Kg5
40. h4+ Kxh4 41. Qf6+ 1-0

[Event "CSR-ch int"]
[Site "Luhacovice"]
[Date "1973.05.15"]
[Round "7"]
[White "Kholmov, Ratmir"]
[Black "Adorjan, Andras"]
[Result "1/2-1/2"]
[WhiteElo "2550"]
[BlackElo "2475"]
[PlyCount "63"]
[EventDate "1973.??.??"]
[EventType "tourn"]
[EventRounds "15"]
[EventCountry "CZE"]
[EventCategory "9"]
[Source "ChessBase"]
[SourceDate "1999.07.01"]
[WhiteTeamCountry "URS"]
[BlackTeamCountry "HUN"]

1. d4 g6 2. e4 d6 3. Nf3 Nf6 4. Nc3 Bg7 5. h3 O-O 6. Be3 e5 7. dxe5 dxe5 8.
Qxd8 Rxd8 9. Bc4 Nc6 10. Ng5 Rd7 11. Bb5 a6 12. Bxc6 bxc6 13. Nf3 Nh5 14. O-O
f5 15. Rad1 fxe4 16. Nxe4 Nf4 17. Nc5 Rd6 18. Ng5 Bf5 19. Nge4 Rdd8 20. f3 a5
21. Kh2 Bf8 22. c4 Be7 23. Rxd8+ Rxd8 24. Nb7 Rb8 25. Nxa5 Rxb2 26. Nxc6 Bh4
27. Nxe5 Nxg2 28. Bc1 Rxa2 29. Kg1 Bxh3 30. Rd1 Ne1 31. Bd2 Nc2 32. Rb1 1/2-1/2

[Event "CSR-ch int"]
[Site "Luhacovice"]
[Date "1973.05.16"]
[Round "8"]
[White "Adorjan, Andras"]
[Black "Jansa, Vlastimil"]
[Result "1/2-1/2"]
[WhiteElo "2475"]
[BlackElo "2480"]
[PlyCount "82"]
[EventDate "1973.??.??"]
[EventType "tourn"]
[EventRounds "15"]
[EventCountry "CZE"]
[EventCategory "9"]
[Source "ChessBase"]
[SourceDate "1999.07.01"]
[WhiteTeamCountry "URS"]
[BlackTeamCountry "HUN"]

1. e4 c5 2. Nf3 d6 3. d4 cxd4 4. Nxd4 Nc6 5. c4 Nf6 6. Nc3 g6 7. Be2 Nxd4 8.
Qxd4 Bg7 9. Be3 O-O 10. Qd3 Be6 11. O-O Nd7 12. Bd4 Bxd4 13. Qxd4 Qa5 14. f4 f6
15. Nd5 Bxd5 16. Qxd5+ Qxd5 17. exd5 Rac8 18. Rf3 Rc7 19. Re1 f5 20. h3 Nf6 21.
b3 Kf7 22. Re3 h5 23. g3 b5 24. cxb5 Nxd5 25. Bc4 Rxc4 26. bxc4 Nxe3 27. Rxe3
Rc8 28. Ra3 Rxc4 29. Rxa7 Rb4 30. a4 Ke6 31. h4 Kd5 32. Rxe7 Rxa4 33. b6 Rb4
34. b7 Rb2 35. Rg7 Ke4 36. Rxg6 d5 37. Rg7 Kf3 38. Rg5 d4 39. Rxf5 Kxg3 40. Kf1
d3 41. Ke1 Rxb7 1/2-1/2

[Event "CSR-ch int"]
[Site "Luhacovice"]
[Date "1973.05.18"]
[Round "9"]
[White "Hort, Vlastimil"]
[Black "Adorjan, Andras"]
[Result "1/2-1/2"]
[WhiteElo "2600"]
[BlackElo "2475"]
[PlyCount "50"]
[EventDate "1973.??.??"]
[EventType "tourn"]
[EventRounds "15"]
[EventCountry "CZE"]
[EventCategory "9"]
[Source "ChessBase"]
[SourceDate "1999.07.01"]
[WhiteTeamCountry "URS"]
[BlackTeamCountry "HUN"]

1. e4 g6 2. d4 d6 3. Nc3 Bg7 4. Bc4 Nf6 5. Nf3 O-O 6. h3 Nxe4 7. Nxe4 d5 8. Bd3
dxe4 9. Bxe4 c5 10. dxc5 Qc7 11. O-O Nd7 12. c6 bxc6 13. Bd3 Nc5 14. Bc4 Na4
15. c3 Nb6 16. Qe2 Nxc4 17. Qxc4 Be6 18. Qh4 Bd5 19. Re1 Rfe8 20. Bh6 Bxf3 21.
Bxg7 Kxg7 22. gxf3 Rab8 23. b4 Rb5 24. Qg3 e5 25. Re2 Rd5 1/2-1/2

[Event "CSR-ch int"]
[Site "Luhacovice"]
[Date "1973.05.19"]
[Round "10"]
[White "Adorjan, Andras"]
[Black "Bilek, Istvan"]
[Result "1/2-1/2"]
[WhiteElo "2475"]
[BlackElo "2485"]
[PlyCount "27"]
[EventDate "1973.??.??"]
[EventType "tourn"]
[EventRounds "15"]
[EventCountry "CZE"]
[EventCategory "9"]
[Source "ChessBase"]
[SourceDate "1999.07.01"]
[WhiteTeamCountry "URS"]
[BlackTeamCountry "HUN"]

1. e4 e6 2. d4 d5 3. Nd2 c5 4. exd5 exd5 5. Bb5+ Bd7 6. Qe2+ Qe7 7. Bxd7+ Nxd7
8. dxc5 Nxc5 9. Nb3 Nxb3 10. axb3 Qxe2+ 11. Nxe2 Bc5 12. Nc3 Ne7 13. Na4 Bd6
14. Be3 1/2-1/2

[Event "CSR-ch int"]
[Site "Luhacovice"]
[Date "1973.05.20"]
[Round "11"]
[White "Plachetka, Jan"]
[Black "Adorjan, Andras"]
[Result "1/2-1/2"]
[WhiteElo "2380"]
[BlackElo "2475"]
[PlyCount "26"]
[EventDate "1973.??.??"]
[EventType "tourn"]
[EventRounds "15"]
[EventCountry "CZE"]
[EventCategory "9"]
[Source "ChessBase"]
[SourceDate "1999.07.01"]
[WhiteTeamCountry "URS"]
[BlackTeamCountry "HUN"]

1. c4 g6 2. Nc3 Bg7 3. g3 c5 4. Bg2 Nc6 5. e3 e5 6. Nge2 Nge7 7. a3 O-O 8. O-O
d6 9. b4 Be6 10. d3 cxb4 11. axb4 Nxb4 12. Rb1 a5 13. Ba3 d5 1/2-1/2

[Event "CSR-ch int"]
[Site "Luhacovice"]
[Date "1973.05.23"]
[Round "13"]
[White "Malich, Burkhard"]
[Black "Adorjan, Andras"]
[Result "0-1"]
[WhiteElo "2490"]
[BlackElo "2475"]
[PlyCount "122"]
[EventDate "1973.??.??"]
[EventType "tourn"]
[EventRounds "15"]
[EventCountry "CZE"]
[EventCategory "9"]
[Source "ChessBase"]
[SourceDate "1999.07.01"]
[WhiteTeamCountry "URS"]
[BlackTeamCountry "HUN"]

1. Nf3 g6 2. c4 Bg7 3. Nc3 c5 4. d4 cxd4 5. Nxd4 Nc6 6. Nc2 d6 7. e4 Nh6 8. h4
f5 9. h5 fxe4 10. hxg6 hxg6 11. Nxe4 Bf5 12. Bd3 Ne5 13. Ne3 Qa5+ 14. Kf1 Nxd3
15. Qxd3 O-O-O 16. Nd5 e6 17. Ne7+ Kb8 18. Nxf5 Nxf5 19. Rxh8 Rxh8 20. g4 Nd4
21. Bd2 Qc7 22. Rc1 Be5 23. f4 Bg7 24. Kg2 Qc6 25. Be3 e5 26. Bxd4 exd4 27. Re1
d5 28. cxd5 Qxd5 29. Qb3 Qd7 30. Nf2 Qc7 31. Qf3 a6 32. Re6 g5 33. fxg5 Qh2+
34. Kf1 Rf8 35. Qg2 Qf4 36. Kg1 Qc1+ 37. Kh2 Qxb2 38. Nd3 Qb5 39. Qe2 Qxg5 40.
Re8+ Rxe8 41. Qxe8+ Ka7 42. Qe2 Qd5 43. Kh3 Bh6 44. Qg2 Qxg2+ 45. Kxg2 Kb6 46.
Kf3 Kb5 47. Ke4 Kc4 48. Nb2+ Kc3 49. Na4+ Kb4 50. Nb6 Bg7 51. g5 Ka3 52. Nd7 b5
53. Nf6 Kxa2 54. Kxd4 a5 55. Kd3 Kb2 56. Ne8 a4 57. Nxg7 a3 58. Nh5 a2 59. g6
a1=Q 60. g7 Qg1 61. Nf6 Qxg7 0-1

[Event "CSR-ch int"]
[Site "Luhacovice"]
[Date "1973.05.26"]
[Round "15"]
[White "Banas, Jan"]
[Black "Adorjan, Andras"]
[Result "1/2-1/2"]
[WhiteElo "2365"]
[BlackElo "2475"]
[PlyCount "40"]
[EventDate "1973.??.??"]
[EventType "tourn"]
[EventRounds "15"]
[EventCountry "CZE"]
[EventCategory "9"]
[Source "ChessBase"]
[SourceDate "1999.07.01"]
[WhiteTeamCountry "URS"]
[BlackTeamCountry "HUN"]

1. c4 g6 2. Nf3 c5 3. d4 cxd4 4. Nxd4 Nc6 5. e4 Nf6 6. Nc3 Nxd4 7. Qxd4 d6 8.
Be3 Bg7 9. f3 O-O 10. Qd2 Qa5 11. Rc1 Be6 12. b3 Rfc8 13. Be2 a6 14. Nd5 Qxd2+
15. Kxd2 Nxd5 16. cxd5 Bd7 17. Rxc8+ Rxc8 18. Rc1 Rxc1 19. Kxc1 e6 20. dxe6
Bxe6 1/2-1/2

[Event "Canterbury"]
[Site "Canterbury"]
[Date "1973.??.??"]
[Round "1"]
[White "Adorjan, Andras"]
[Black "Stean, Michael"]
[Result "1-0"]
[WhiteElo "2515"]
[BlackElo "2320"]
[PlyCount "49"]
[EventDate "1973.??.??"]
[EventType "tourn"]
[EventRounds "7"]
[EventCountry "ENG"]
[EventCategory "5"]
[Source "ChessBase"]
[SourceDate "1999.07.01"]
[WhiteTeamCountry "URS"]
[BlackTeamCountry "HUN"]

1. e4 c5 2. Nf3 d6 3. d4 cxd4 4. Qxd4 Nc6 5. Bb5 Bg4 6. Nbd2 e5 7. Qd3 Nf6 8.
Nc4 Be7 9. Bg5 O-O 10. Bxf6 gxf6 11. Ne3 Be6 12. O-O Kh8 13. c3 Rg8 14. Nh4 Qf8
15. Nhf5 Rg5 16. Kh1 Rd8 17. Bc4 Rd7 18. Bd5 Bd8 19. Qc4 Qg8 20. Rad1 Bb6 21.
Nh6 Qg6 22. Nhf5 Bxe3 23. Bxe6 Rxg2 24. Bxd7 Bxf2 25. Qe2 1-0

[Event "Canterbury"]
[Site "Canterbury"]
[Date "1973.??.??"]
[Round "2"]
[White "Eley, Brian"]
[Black "Adorjan, Andras"]
[Result "0-1"]
[WhiteElo "2350"]
[BlackElo "2515"]
[PlyCount "70"]
[EventDate "1973.??.??"]
[EventType "tourn"]
[EventRounds "7"]
[EventCountry "ENG"]
[EventCategory "5"]
[Source "ChessBase"]
[SourceDate "1999.07.01"]
[WhiteTeamCountry "URS"]
[BlackTeamCountry "HUN"]

1. e4 g6 2. d4 Bg7 3. Nc3 d6 4. f4 Nf6 5. e5 Nfd7 6. Nf3 c5 7. exd6 O-O 8. dxe7
Qxe7+ 9. Qe2 Qd8 10. Be3 Re8 11. O-O-O Qa5 12. Qd2 Nc6 13. Kb1 Nf6 14. d5 Nb4
15. a3 Na6 16. Ne5 Ng4 17. Bb5 Rd8 18. d6 Be6 19. Bc4 Bxe5 20. fxe5 Bxc4 21.
Bg5 b5 22. Qf4 b4 23. Bxd8 Rxd8 24. Qxc4 bxc3 25. e6 Rb8 26. b3 Ne3 27. Qf4
Rxb3+ 28. cxb3 c2+ 29. Kb2 cxd1=N+ 30. Rxd1 Nxd1+ 31. Kc2 Qc3+ 32. Kxd1 Qxb3+
33. Kc1 Qxe6 34. Qd2 Qd7 35. Qd5 Nb8 0-1

[Event "Canterbury"]
[Site "Canterbury"]
[Date "1973.??.??"]
[Round "3"]
[White "Adorjan, Andras"]
[Black "Markland, Peter Richard"]
[Result "1/2-1/2"]
[WhiteElo "2515"]
[BlackElo "2405"]
[PlyCount "44"]
[EventDate "1973.??.??"]
[EventType "tourn"]
[EventRounds "7"]
[EventCountry "ENG"]
[EventCategory "5"]
[Source "ChessBase"]
[SourceDate "1999.07.01"]
[WhiteTeamCountry "URS"]
[BlackTeamCountry "HUN"]

1. e4 c6 2. Nc3 d5 3. Nf3 Bg4 4. h3 Bxf3 5. Qxf3 e6 6. d4 Nf6 7. Bd3 dxe4 8.
Nxe4 Nbd7 9. c3 Nxe4 10. Qxe4 Nf6 11. Qe2 Be7 12. Bf4 Bd6 13. Bxd6 Qxd6 14. O-O
O-O 15. Rad1 Rad8 16. Rfe1 g6 17. Qf3 Kg7 18. Bc4 Rfe8 19. Bb3 Re7 20. Re5 Rde8
21. Rde1 Nd7 22. R5e3 Nf6 1/2-1/2

[Event "Canterbury"]
[Site "Canterbury"]
[Date "1973.??.??"]
[Round "4"]
[White "Mestel, Jonathan"]
[Black "Adorjan, Andras"]
[Result "1/2-1/2"]
[WhiteElo "2270"]
[BlackElo "2515"]
[PlyCount "30"]
[EventDate "1973.??.??"]
[EventType "tourn"]
[EventRounds "7"]
[EventCountry "ENG"]
[EventCategory "5"]
[Source "ChessBase"]
[SourceDate "1999.07.01"]
[WhiteTeamCountry "URS"]
[BlackTeamCountry "HUN"]

1. e4 c5 2. Nf3 Nc6 3. Bb5 g6 4. O-O Bg7 5. Re1 Nf6 6. c3 O-O 7. h3 a6 8. Bf1
e5 9. a4 d5 10. exd5 Qxd5 11. d3 Bf5 12. Na3 Rad8 13. Nc4 Bxd3 14. Qxd3 Qxd3
15. Bxd3 Rxd3 1/2-1/2

[Event "Canterbury"]
[Site "Canterbury"]
[Date "1973.??.??"]
[Round "5"]
[White "Adorjan, Andras"]
[Black "Wright, Daniel"]
[Result "1/2-1/2"]
[WhiteElo "2515"]
[BlackElo "2200"]
[PlyCount "92"]
[EventDate "1973.??.??"]
[EventType "tourn"]
[EventRounds "7"]
[EventCountry "ENG"]
[EventCategory "5"]
[Source "ChessBase"]
[SourceDate "1999.07.01"]
[WhiteTeamCountry "URS"]
[BlackTeamCountry "HUN"]

1. e4 c5 2. Nf3 d6 3. d4 cxd4 4. Qxd4 a6 5. c4 Nc6 6. Qd2 Nf6 7. Nc3 e6 8. Be2
Be7 9. O-O O-O 10. b3 Bd7 11. Bb2 Qb8 12. Rfd1 Rd8 13. h3 Be8 14. Qe3 Qa7 15.
Qxa7 Nxa7 16. Ba3 Kf8 17. Nd4 Nc6 18. Nxc6 Bxc6 19. Bf3 Ne8 20. Rd3 b5 21. cxb5
Bxb5 22. Nxb5 axb5 23. Bb4 Rdc8 24. a3 Ra6 25. Rdd1 Rca8 26. Rac1 Rb8 27. Be2
Ra7 28. Rc6 Nf6 29. Rdc1 Ke8 30. Rc8+ Rxc8 31. Rxc8+ Kd7 32. Rb8 Nxe4 33. Bxb5+
Kc7 34. Rg8 Bf6 35. Bd3 Nc5 36. Bxh7 Nxb3 37. Rf8 Kc6 38. Bg8 Nd4 39. Bxf7 Kd5
40. Bg8 Nc6 41. Re8 Nxb4 42. Rxe6 Kc6 43. axb4 Ra1+ 44. Kh2 Be5+ 45. g3 Rb1 46.
h4 Rb2 1/2-1/2

[Event "Canterbury"]
[Site "Canterbury"]
[Date "1973.??.??"]
[Round "6"]
[White "Botterill, George Steven"]
[Black "Adorjan, Andras"]
[Result "1-0"]
[WhiteElo "2410"]
[BlackElo "2515"]
[PlyCount "101"]
[EventDate "1973.??.??"]
[EventType "tourn"]
[EventRounds "7"]
[EventCountry "ENG"]
[EventCategory "5"]
[Source "ChessBase"]
[SourceDate "1999.07.01"]
[WhiteTeamCountry "URS"]
[BlackTeamCountry "HUN"]

1. e4 c5 2. Nc3 Nc6 3. g3 Nf6 4. Bg2 e6 5. Nge2 d5 6. exd5 exd5 7. d4 Bg4 8. h3
Bh5 9. Be3 cxd4 10. Bxd4 Bb4 11. O-O O-O 12. Bxf6 Qxf6 13. Nxd5 Qxb2 14. Rb1
Qa3 15. Rb3 Qa5 16. g4 Bg6 17. Nxb4 Nxb4 18. Qd2 Nc6 19. Qxa5 Nxa5 20. Rb5 Rae8
21. Rxa5 Rxe2 22. c4 Be4 23. Rxa7 f5 24. Bxe4 fxe4 25. Rxb7 h5 26. a4 hxg4 27.
hxg4 Rf4 28. Rb3 Ra2 29. c5 Rxa4 30. Rc3 Rxg4+ 31. Kh2 Rg6 32. Rfc1 Rc6 33. Kg3
Kf7 34. Kf4 Ke6 35. Rg1 Kd5 36. Ke3 g6 37. Rg5+ Ke6 38. Rxg6+ Kd5 39. Rg5+ Ke6
40. Rg6+ Kd5 41. Rg5+ Ke6 42. Rc2 Kf6 43. Rh5 Rc7 44. c6 Ke6 45. Rhc5 Kd6 46.
R5c4 Rxc4 47. Rxc4 Kd5 48. Rc2 Ke5 49. Rc5+ Kd6 50. Kd4 e3 51. fxe3 1-0

[Event "HUN-ch"]
[Site "Hungary"]
[Date "1973.??.??"]
[Round "?"]
[White "Adorjan, Andras"]
[Black "Csom, Istvan"]
[Result "1/2-1/2"]
[WhiteElo "2515"]
[BlackElo "2540"]
[PlyCount "80"]
[EventDate "1973.??.??"]
[EventType "tourn"]
[EventRounds "15"]
[EventCountry "HUN"]
[EventCategory "6"]
[Source "ChessBase"]
[SourceDate "1999.07.01"]
[WhiteTeamCountry "URS"]
[BlackTeamCountry "HUN"]

1. e4 c5 2. Nf3 d6 3. d4 Nf6 4. Nc3 cxd4 5. Nxd4 Nc6 6. Bg5 e6 7. Qd2 a6 8.
O-O-O h6 9. Bf4 Bd7 10. Nxc6 Bxc6 11. Qe1 Qa5 12. Bc4 Be7 13. f3 b5 14. Bb3 Qc7
15. e5 dxe5 16. Qxe5 Qb7 17. Qc7 Qxc7 18. Bxc7 O-O 19. Bd6 Bxd6 20. Rxd6 Rfc8
21. Rd4 a5 22. a3 Kf8 23. Re1 Rab8 24. Re3 Rc7 25. Ne2 Rbc8 26. Rc3 g5 27. Rd2
g4 28. Nd4 gxf3 29. gxf3 Bd7 30. Re3 Rc5 31. f4 Rh5 32. f5 exf5 33. Re5 f4 34.
Rxh5 Nxh5 35. Rf2 Rc5 36. Ne2 Rf5 37. c3 Be6 38. Nd4 Re5 39. Bd1 Bd7 40. Be2
Ke7 1/2-1/2

[Event "HUN-ch"]
[Site "Hungary"]
[Date "1973.??.??"]
[Round "?"]
[White "Adorjan, Andras"]
[Black "Forintos, Gyozo"]
[Result "1/2-1/2"]
[WhiteElo "2515"]
[BlackElo "2460"]
[PlyCount "27"]
[EventDate "1973.??.??"]
[EventType "tourn"]
[EventRounds "15"]
[EventCountry "HUN"]
[EventCategory "6"]
[Source "ChessBase"]
[SourceDate "1999.07.01"]
[WhiteTeamCountry "URS"]
[BlackTeamCountry "HUN"]

1. e4 e6 2. d4 d5 3. Nd2 c5 4. Ngf3 Nc6 5. exd5 exd5 6. Bb5 cxd4 7. O-O Bd6 8.
Nb3 Nge7 9. Bxc6+ bxc6 10. Qxd4 O-O 11. Bf4 Nf5 12. Qd2 Qb6 13. Rfe1 Be6 14.
Bxd6 1/2-1/2

[Event "HUN-ch"]
[Site "Hungary"]
[Date "1973.??.??"]
[Round "?"]
[White "Adorjan, Andras"]
[Black "Honfi, Karoly"]
[Result "1-0"]
[WhiteElo "2515"]
[BlackElo "2445"]
[PlyCount "49"]
[EventDate "1973.??.??"]
[EventType "tourn"]
[EventRounds "15"]
[EventCountry "HUN"]
[EventCategory "6"]
[Source "ChessBase"]
[SourceDate "1999.07.01"]
[WhiteTeamCountry "URS"]
[BlackTeamCountry "HUN"]

1. e4 c5 2. Nf3 e6 3. d4 cxd4 4. Nxd4 a6 5. Bd3 Qc7 6. O-O Nf6 7. Qe2 d6 8. f4
g6 9. f5 gxf5 10. exf5 e5 11. c4 Be7 12. Nc2 Nbd7 13. Nc3 Nc5 14. Ne3 Nxd3 15.
Qxd3 Qc5 16. b4 Qxb4 17. Ned5 Nxd5 18. Nxd5 Qc5+ 19. Be3 Qc6 20. Bb6 Bd8 21.
Bxd8 Kxd8 22. Qg3 Qc5+ 23. Kh1 Re8 24. Qh4+ Kd7 25. Nf6+ 1-0

[Event "HUN-ch"]
[Site "Hungary"]
[Date "1973.??.??"]
[Round "?"]
[White "Adorjan, Andras"]
[Black "Nagy, Ervin"]
[Result "1-0"]
[WhiteElo "2515"]
[BlackElo "2455"]
[PlyCount "65"]
[EventDate "1973.??.??"]
[EventType "tourn"]
[EventRounds "15"]
[EventCountry "HUN"]
[EventCategory "6"]
[Source "ChessBase"]
[SourceDate "1999.07.01"]
[WhiteTeamCountry "URS"]
[BlackTeamCountry "HUN"]

1. e4 e5 2. Nf3 Nc6 3. Bb5 d6 4. Bxc6+ bxc6 5. d4 Bg4 6. dxe5 dxe5 7. Qxd8+
Rxd8 8. Be3 f6 9. Nbd2 a6 10. Nc4 Bd6 11. a3 c5 12. Nfd2 Rb8 13. f3 Be6 14.
O-O-O Ne7 15. Na5 Kf7 16. Ndc4 Rhd8 17. Rd3 Bxc4 18. Nxc4 Nc6 19. Rhd1 Bf8 20.
Rd7+ Ke8 21. Rxc7 Nd4 22. c3 Ne2+ 23. Kc2 Rdc8 24. Nd6+ Bxd6 25. Rxc8+ Rxc8 26.
Rxd6 Nd4+ 27. Bxd4 cxd4 28. Rxa6 Kf7 29. a4 Kg6 30. a5 Rc5 31. Ra8 h5 32. a6
dxc3 33. b4 1-0

[Event "HUN-ch"]
[Site "Hungary"]
[Date "1973.??.??"]
[Round "?"]
[White "Adorjan, Andras"]
[Black "Petran, Pal"]
[Result "1/2-1/2"]
[WhiteElo "2515"]
[BlackElo "2200"]
[PlyCount "46"]
[EventDate "1973.??.??"]
[EventType "tourn"]
[EventRounds "15"]
[EventCountry "HUN"]
[EventCategory "6"]
[Source "ChessBase"]
[SourceDate "1999.07.01"]
[WhiteTeamCountry "URS"]
[BlackTeamCountry "HUN"]

1. e4 e5 2. Nf3 Nf6 3. d4 Nxe4 4. Bd3 d5 5. Nxe5 Bd6 6. O-O O-O 7. Nc3 Nxc3 8.
bxc3 Nd7 9. Nxd7 Qxd7 10. Qh5 g6 11. Qf3 Re8 12. a4 c6 13. Bf4 Qc7 14. Bxd6
Qxd6 15. a5 Kg7 16. Qg3 Qxg3 17. hxg3 Kf6 18. Rfb1 Re7 19. Ra4 Ke6 20. f3 Kd6
21. Rab4 Kc7 22. Kf2 Rb8 23. g4 f6 1/2-1/2